000 00431nam a22001817a 4500
005 20260204132023.0
008 260204b |||||||| |||| 00| 0 eng d
020 _a9788123929019
_c750.00
040 _aMAIN
041 _aEnglish
082 _a363.7392
_bDOR
100 _aDoren K L
_926184
245 _aAir pollution
260 _aNew Delhi
_bCBS
_c2017
300 _a586
650 _aEnvironment Science
_9310
942 _cBK
999 _c60224
_d60224